Non-island Countries of the World on the Map - Statistics

General Stats
  • This quiz has been taken 33 times
  • The average score is 125 of 149
Answers on the Map
Answers color-coded by a green-red scale on the quiz's map according to % correct below.
 
Answer Stats
Country % Correct
France
95%
Germany
95%
Slovakia
95%
Turkey
95%
Algeria
89%
Argentina
89%
Australia
89%
Austria
89%
Belgium
89%
Brazil
89%
Cambodia
89%
Canada
89%
Chad
89%
Chile
89%
China
89%
Colombia
89%
Democratic Republic of the Congo
89%
Denmark
89%
Egypt
89%
Ethiopia
89%
Finland
89%
Greece
89%
India
89%
Iran
89%
Iraq
89%
Israel
89%
Italy
89%
Jordan
89%
Kazakhstan
89%
Kenya
89%
Laos
89%
Mexico
89%
Mongolia
89%
Morocco
89%
Niger
89%
Nigeria
89%
North Korea
89%
Norway
89%
Oman
89%
Pakistan
89%
Panama
89%
Paraguay
89%
Peru
89%
Poland
89%
Portugal
89%
Russia
89%
South Africa
89%
South Korea
89%
Spain
89%
Sudan
89%
Sweden
89%
Syria
89%
Tanzania
89%
Thailand
89%
Turkmenistan
89%
Ukraine
89%
United States
89%
Uruguay
89%
Venezuela
89%
Vietnam
89%
Yemen
89%
Zambia
89%
Afghanistan
84%
Andorra
84%
Armenia
84%
Belarus
84%
Bhutan
84%
Bolivia
84%
Bosnia and Herzegovina
84%
Botswana
84%
Bulgaria
84%
Costa Rica
84%
Croatia
84%
Czech Republic
84%
Djibouti
84%
Eritrea
84%
Estonia
84%
Georgia
84%
Honduras
84%
Hungary
84%
Ivory Coast
84%
Kyrgyzstan
84%
Latvia
84%
Liberia
84%
Libya
84%
Lithuania
84%
Mali
84%
Monaco
84%
Mozambique
84%
Namibia
84%
Nepal
84%
Netherlands
84%
North Macedonia
84%
Republic of the Congo
84%
Romania
84%
San Marino
84%
Saudi Arabia
84%
Slovenia
84%
Somalia
84%
South Sudan
84%
Tajikistan
84%
Tunisia
84%
Uzbekistan
84%
Zimbabwe
84%
Angola
79%
Bangladesh
79%
Belize
79%
Burkina Faso
79%
Burundi
79%
Ecuador
79%
El Salvador
79%
Eswatini
79%
Guatemala
79%
Lesotho
79%
Liechtenstein
79%
Malawi
79%
Malaysia
79%
Mauritania
79%
Montenegro
79%
Myanmar
79%
Nicaragua
79%
Qatar
79%
Rwanda
79%
Serbia
79%
Sierra Leone
79%
Suriname
79%
Switzerland
79%
Togo
79%
Uganda
79%
United Arab Emirates
79%
Albania
74%
Azerbaijan
74%
Benin
74%
Central African Republic
74%
Gabon
74%
Gambia
74%
Guinea
74%
Guinea-Bissau
74%
Guyana
74%
Kosovo
74%
Luxembourg
74%
Senegal
74%
Vatican City
74%
Cameroon
68%
Equatorial Guinea
68%
Ghana
68%
Lebanon
68%
Moldova
68%
Kuwait
63%
No matching quizzes found
Score Distribution
Percent of People with Each Score
Percentile by Number Answered
Your Score History
You have not taken this quiz